000 00531nam a2200181 i 4500
001 98257
003 ES-MaACL
005 20250704063117.0
007 t|
008 050727s1972 sp ||||1| spa d
100 1 _aMarshall, Bruce
_977127
245 1 4 _aLas vacaciones del padre Hilario /
_cBruce Marshall; [versión Lope de Alberdi].
260 _aBarcelona :
_bAura,
_c1972.
300 _a243 p. ;
_c20 cm.
700 1 _aAlberdi, Lope de.
_919272
852 _aES-MaACL
_jC-43558
_bR.82433
999 _c98257
_d98257